000 00714nam a2200205 i 4500
001 182283
003 ES-MaACL
005 20230906221555.0
008 130730s1996 sp |||| | spa d
020 _a84-605-1530-3
100 1 _aEspinosa Rubio, Luciano.
_9153118
245 1 0 _aSobre razón y naturaleza en Spinoza /
_cLuciano Espinosa Rubio.
260 _aCiudad Real :
_bSeminario Spinoza, Departamento de Filosofía,
_c1996.
300 _a35 p. ;
_c22 cm.
490 1 _aCuadernos del Seminario Spinoza ;
_v6
600 1 4 _aSpinoza, Benedictus de-
_xCrítica e interpretación.
_9107753
830 0 _aCuadernos del Seminario Spinoza ;
_v6
_9189168
852 _aES-MaACL
_j2316-F-31
999 _c182283
_d182283